Remote sensing and urban analysis. (Record no. 101312)

MARC details
000 -LEADER
fixed length control field 00652cam a2200253 4500
008 - FIXED-LENGTH DATA ELEMENTS--GENERAL INFORMATION
fixed length control field 000000n2001 000 0 eng u
020 ## - INTERNATIONAL STANDARD BOOK NUMBER
International Standard Book Number 0748408606
035 ## - SYSTEM CONTROL NUMBER
System control number (Sirsi) u111931
050 ## - LIBRARY OF CONGRESS CALL NUMBER
Classification number 526.982
100 ## - MAIN ENTRY--PERSONAL NAME
Personal name Donnay, J-P
-- editor
245 ## - TITLE STATEMENT
Title Remote sensing and urban analysis.
260 ## - PUBLICATION, DISTRIBUTION, ETC.
Place of publication, distribution, etc. London
Name of publisher, distributor, etc. Spon Press
Date of publication, distribution, etc. 2001
300 ## - PHYSICAL DESCRIPTION
Extent xxvi, 268p. ; ill. ; 24cm.
350 ## - PRICE (NR) (BK AM CF MU VM SE) [OBSOLETE]
Price 49.99
490 ## - SERIES STATEMENT
Series statement GISDATA
Volume/sequential designation 9
650 ## - SUBJECT ADDED ENTRY--TOPICAL TERM
Topical term or geographic name entry element GIS
650 ## - SUBJECT ADDED ENTRY--TOPICAL TERM
Topical term or geographic name entry element REMOTE SENSING
650 ## - SUBJECT ADDED ENTRY--TOPICAL TERM
Topical term or geographic name entry element GIS
650 ## - SUBJECT ADDED ENTRY--TOPICAL TERM
Topical term or geographic name entry element LAND SURVEYING
690 ## - LOCAL SUBJECT ADDED ENTRY--TOPICAL TERM (OCLC, RLIN)
Topical term or geographic name as entry element Geomatics
9 (RLIN) 6242
700 ## - ADDED ENTRY--PERSONAL NAME
Personal name Barnsley, Michael J.
International Standard Serial Number Editor
700 ## - ADDED ENTRY--PERSONAL NAME
Personal name Longley, Paul A.
International Standard Serial Number editor
942 ## - ADDED ENTRY ELEMENTS (KOHA)
Suppress in OPAC 0
Holdings
Withdrawn status Lost status Source of classification or shelving scheme Damaged status Not for loan Home library Current library Shelving location Date acquired Cost, normal purchase price Total Checkouts Full call number Barcode Date last seen Copy number Cost, replacement price Price effective from Koha item type
    Dewey Decimal Classification     London London Books 24/04/2001 42.49   526.982 DON 30064048 06/08/2019 1 42.49 06/08/2019 Book